| 000 | 00744nam a2200265Ia 4500 | ||
|---|---|---|---|
| 003 | OSt | ||
| 005 | 20221005040026.0 | ||
| 006 | a|||||r|||| 00| 0 | ||
| 007 | ta | ||
| 008 | 221004b |||||||| |||| 00| 0 eng d | ||
| 024 | _a25161 | ||
| 037 | _cTextual | ||
| 040 |
_aCRL _cCRL _beng |
||
| 041 |
_2eng _aeng |
||
| 082 | _aV2,1.L<- K, K1 | ||
| 100 |
_aRanade Govind _9588854 |
||
| 245 | 0 | _aRise of the Maratha Power | |
| 260 |
_aDelhi _bMinistory of information and broadcasting India _c1961 |
||
| 300 |
_a152p. _ccm. |
||
| 500 | _aClassics of Indian history and economics | ||
| 650 | _a INDIA - HISTORY | ||
| 650 | _aINDIA - HISTORY | ||
| 942 |
_hV2,1.L<- K, K1 _cTEXL _2cc |
||
| 999 |
_c946265 _d946265 |
||